000
00223 a2200097 4500
020
_a
9781558854444
041
_a
eng
100
_a
Jesus Salvador Treviǫ
245
_a
The Skiscraper that flew and other stories
942
_c
BK
999
_c
13785
_d
13785